000 00593nam a2200193 a 4500
001 000036526
005 20200930075800.0
008 120119s1992 sp cj 000 0 spa d
020 _a8472232182
040 _aDO-SdBNP
_bspa
_cBNPHU
082 _axxx
_bC699km 1992
100 1 _aCollier, Peter
_962775
240 1 4 _aThe Kennedy : An American drama
_lespaƱol
245 1 4 _aLos Kennedy :
_bun drama americano /
_cPeter Collier, David Horowitz.
250 _a2a ed.
260 _aBarcelona :
_bTusQuets,
_c1992.
300 _a688 p. :
_bil., geneal. ;
_c21 cm.
700 1 _aHorowitz, David
_962776
999 _c36017
_d36017